Geographical Information System and IT in Disaster Management / (Record no. 209277)

MARC details
000 -LEADER
fixed length control field 00861nam a22002177a 4500
005 - DATE AND TIME OF LATEST TRANSACTION
control field 20250903163433.0
010 ## - LCCN (DPL NO)
LC control number B-761681-692 ENG-146722 BACEN25
020 ## - INTERNATIONAL STANDARD BOOK NUMBER
Terms of availability 575.00
International Standard Book Number 9789390473380
035 ## - SYSTEM CONTROL NUMBER
System control number B-761681-692
035 ## - SYSTEM CONTROL NUMBER
System control number EN-130254
037 ## - SOURCE OF ACQUISITION
Source of stock number/acquisition Academic Aspiration
082 ## - DEWEY DECIMAL CLASSIFICATION NUMBER
Classification number 363.34
Edition number 1
100 ## - MAIN ENTRY--PERSONAL NAME
Personal name Paul,Raghav
245 ## - TITLE STATEMENT
Title Geographical Information System and IT in Disaster Management /
Statement of responsibility, etc by Raghav Paul
250 ## - EDITION STATEMENT
Edition statement 1
260 ## - PUBLICATION, DISTRIBUTION, ETC. (IMPRINT)
Name of publisher, distributor, etc Academic Aspiration
Date of publication, distribution, etc 2025
Place of publication, distribution, etc New Delhi
270 ## - ADDRESS
Address 4740/23 ansari road darya ganj
City New Delhi
Postal code 110002
300 c# - PHYSICAL DESCRIPTION
Extent 324p
Dimensions 22cm(Pb)
942 ## - ADDED ENTRY ELEMENTS (KOHA)
Source of classification or shelving scheme Dewey Decimal Classification
Item type English Books
Classification part 363.34
Call number suffix PAU
Holdings
Withdrawn status Lost status Not for loan Collection code Home library Current library Date acquired Source of acquisition Cost, normal purchase price Full call number Barcode Copy number Cost, replacement price Koha item type
      Non-fiction Ashok Vihar Ashok Vihar 15/04/2025 Academic Aspiration/IN-00181/17.3.25/5/15.3.25/21.3.25 575.00 363.34 PAU B-761684 1 575.00 English Books
      Non-fiction Bawana Bawana 15/04/2025 Academic Aspiration/IN-00181/17.3.25/5/15.3.25/21.3.25 575.00 363.34 PAU B-761690 1 575.00 English Books
      Non-fiction Central Library Central Library 15/04/2025 Academic Aspiration/IN-00181/17.3.25/5/15.3.25/21.3.25 575.00 363.34 PAU B-761681 1 575.00 English Books
      Non-fiction Janak Puri Janak Puri 15/04/2025 Academic Aspiration/IN-00181/17.3.25/5/15.3.25/21.3.25 575.00 363.34 PAU B-761686 1 575.00 English Books
      Non-fiction Mobile Library Mobile Library 15/04/2025 Academic Aspiration/IN-00181/17.3.25/5/15.3.25/21.3.25 575.00 363.34 PAU B-761682 2 575.00 English Books
      Non-fiction Mobile Library Mobile Library 15/04/2025 Academic Aspiration/IN-00181/17.3.25/5/15.3.25/21.3.25 575.00 363.34 PAU B-761683 2 575.00 English Books
      Non-fiction Mobile Library Mobile Library 03/09/2025 Delivery of Books Act Division 575.00 363.34 PAU EN-130254 1 575.00 English Books
      Non-fiction Narela Narela 15/04/2025 Academic Aspiration/IN-00181/17.3.25/5/15.3.25/21.3.25 575.00 363.34 PAU B-761689 1 575.00 English Books
      Non-fiction Patel Nagar Patel Nagar 15/04/2025 Academic Aspiration/IN-00181/17.3.25/5/15.3.25/21.3.25 575.00 363.34 PAU B-761685 1 575.00 English Books
      Non-fiction RC3 Aruna Nagar RC3 Aruna Nagar 15/04/2025 Academic Aspiration/IN-00181/17.3.25/5/15.3.25/21.3.25 575.00 363.34 PAU B-761692 1 575.00 English Books
      Non-fiction Sarojini Nagar Sarojini Nagar 15/04/2025 Academic Aspiration/IN-00181/17.3.25/5/15.3.25/21.3.25 575.00 363.34 PAU B-761687 1 575.00 English Books
      Non-fiction Shahdara Branch Shahdara Branch 15/04/2025 Academic Aspiration/IN-00181/17.3.25/5/15.3.25/21.3.25 575.00 363.34 PAU B-761691 1 575.00 English Books
      Non-fiction Vinoba Puri Vinoba Puri 15/04/2025 Academic Aspiration/IN-00181/17.3.25/5/15.3.25/21.3.25 575.00 363.34 PAU B-761688 1 575.00 English Books

© Delhi Public Library
Hit Counter
free hit counter